00381nam a2200157Ia 4500008004000000041000800040082001300048100002400061245004700085250000500132260003200137650001400169650001500183650001300198650001200211210210b1980 xxu||||| |||| 00| 0 eng d aeng a423 MACC aMACDONALD (A M) Ed. aChambers twentieth century dictionary Ed 2 a aNDbAllied Publishersc1980 atwentieth adictionary aChambers acentury